[Event "GER-ch Amateurs"]
[Site "Bad Wildungen"]
[Date "2024.??.??"]
[Round "3"]
[White "Best, Florian"]
[Black "Roenker, Sebastian"]
[Result "0-1"]
[WhiteElo "1836"]
[BlackElo "1851"]
[PlyCount "78"]
[EventDate "2024.08.03"]
[EventType "swiss"]
[EventRounds "5"]
[EventCountry "GER"]
[SourceTitle "CBM 221 Extra"]
[Source "ChessBase"]
[SourceDate "2024.09.30"]
[SourceVersion "1"]
[SourceVersionDate "2024.09.30"]
[SourceQuality "1"]

1. d4 Nf6 2. Nf3 g6 3. g3 Bg7 4. Bg2 0-0 5. 0-0 d6 6. Nbd2 Nbd7 7. Re1 c5 8. c3 e5 9. dxe5 dxe5 10. e4 b5 11. c4 a6 12. b3 Re8 13. Bb2 Qc7 14. Qc2 Nb6 15. cxb5 axb5 16. Rec1 Nfd7 17. Ne1 Bb7 18. Bf1 Qc6 19. Qd3 f5 20. Qxb5 Qf6 21. Qe2 Rf8 22. Bg2 Bh6 23. f4 Qd6 24. Nc4 Ba6 25. Nxd6 Bxe2 26. exf5 Rad8 27. Rc2 Ba6 28. fxe5 Be3+ 29. Kh1 Nf6 30. Nc4 Nfd5 31. Nxb6 Nxb6 32. f6 Nd5 33. Rd1 Nb4 34. Rxd8 Rxd8 35. Bf3 Nxc2 36. Nxc2 Rd1+ 37. Kg2 Rd2+ 38. Kh3 Bf1+ 39. Kh4 Rxh2+ 0-1

[Event "GER-ch Amateurs"]
[Site "Bad Wildungen"]
[Date "2024.??.??"]
[Round "2"]
[White "Roenker, Sebastian"]
[Black "Degenhardt, Andreas"]
[Result "1-0"]
[WhiteElo "1851"]
[BlackElo "1832"]
[PlyCount "57"]
[EventDate "2024.08.03"]
[EventType "swiss"]
[EventRounds "5"]
[EventCountry "GER"]
[SourceTitle "CBM 221 Extra"]
[Source "ChessBase"]
[SourceDate "2024.09.30"]
[SourceVersion "1"]
[SourceVersionDate "2024.09.30"]
[SourceQuality "1"]

1. d4 d5 2. Bf4 e6 3. Nf3 Bd6 4. Ne5 Nf6 5. e3 c5 6. Bb5+ Kf8 7. dxc5 Qa5+ 8. Nc3 Bxc5 9. 0-0 a6 10. Be2 b5 11. a3 Qb6 12. b4 Be7 13. Bh5 g6 14. Bf3 Kg7 15. g4 Bb7 16. Ne2 Ne4 17. Bxe4 dxe4 18. Nd7 Nxd7 19. Qxd7 Bf6 20. Bc7 Qc6 21. Qxc6 Bxc6 22. Nd4 Bd5 23. Bb6 h5 24. gxh5 Rxh5 25. Bc7 e5 26. Ne2 Rc8 27. Rfd1 Rg5+ 28. Ng3 Be6 29. Bd6 1-0

[Event "Troisdorf op "]
[Site "Troisdorf"]
[Date "2010.11.23"]
[Round "5"]
[White "Hoeck, Sebastian"]
[Black "Roenker, Sebastian"]
[Result "0-1"]
[WhiteElo "1729"]
[BlackElo "1596"]
[PlyCount "62"]
[EventDate "2010.10.26"]
[EventType "swiss"]
[EventRounds "7"]
[EventCountry "GER"]
[SourceTitle "EXT 2013"]
[Source "ChessBase"]
[SourceDate "2012.11.22"]
[SourceVersion "1"]
[SourceVersionDate "2012.11.22"]
[SourceQuality "1"]

1. c4 e5 2. g3 f5 3. Bg2 Nf6 4. Nc3 Nc6 5. e4 fxe4 6. Nxe4 Nxe4 7. Bxe4 Qf6 8. Ne2 Bc5 9. 0-0 0-0 10. Qe1 d6 11. d3 Bf5 12. Nc3 Nb4 13. Qe2 Qg6 14. Bxf5 Rxf5 15. Ne4 Bb6 16. Be3 h5 17. a3 Nc6 18. h4 Nd4 19. Bxd4 Bxd4 20. Rac1 Raf8 21. Rc2 c6 22. Kg2 d5 23. cxd5 cxd5 24. Nc3 Rxf2+ 25. Rxf2 Rxf2+ 26. Qxf2 Bxf2 27. Nxd5 Qxg3+ 28. Kf1 Qg1+ 29. Ke2 Qe1+ 30. Kf3 Bxh4 31. Ne7+ Bxe7 0-1

[Event "Hamburg Robinow op"]
[Site "Hamburg"]
[Date "2005.10.09"]
[Round "9"]
[White "Zoeller, Henning"]
[Black "Roenker, Sebastian"]
[Result "0-1"]
[WhiteElo "1300"]
[BlackElo "1529"]
[PlyCount "66"]
[EventDate "2005.10.01"]
[EventType "swiss"]
[EventRounds "9"]
[EventCountry "GER"]
[SourceTitle "CBM 108 Extra"]
[Source "ChessBase"]
[SourceDate "2005.11.04"]
[SourceVersion "1"]
[SourceVersionDate "2005.11.04"]
[SourceQuality "1"]

1. e4 e6 2. d4 d5 3. e5 c5 4. c3 Nc6 5. Nf3 Bd7 6. a3 cxd4 7. cxd4 a6 8. Be2 b5 9. 0-0 f6 10. exf6 Nxf6 11. Ne5 Bd6 12. Nxd7 Qxd7 13. f4 Rc8 14. b4 0-0 15. Bb2 Ne7 16. Nd2 Nf5 17. Rf3 Bb8 18. Nb3 Ne4 19. Nc5 Nxc5 20. dxc5 d4 21. g4 Ne3 22. Rxe3 Bxf4 23. Re4 e5 24. Qd3 h5 25. Qb3+ Kh8 26. Rd1 hxg4 27. Bxd4 exd4 28. Rdxd4 Qc7 29. Bxg4 Rce8 30. Qh3+ Bh6 31. Rxe8 Rxe8 32. Qg3 Qxg3+ 33. hxg3 Be3+ 0-1

[Event "Hamburg Robinow op"]
[Site "Hamburg"]
[Date "2005.10.07"]
[Round "7"]
[White "Roenker, Sebastian"]
[Black "Schwarzkopf, Joerg"]
[Result "0-1"]
[WhiteElo "1529"]
[BlackElo "1755"]
[PlyCount "83"]
[EventDate "2005.10.01"]
[EventType "swiss"]
[EventRounds "9"]
[EventCountry "GER"]
[SourceTitle "CBM 108 Extra"]
[Source "ChessBase"]
[SourceDate "2005.11.04"]
[SourceVersion "1"]
[SourceVersionDate "2005.11.04"]
[SourceQuality "1"]

1. e4 Nf6 2. e5 Nd5 3. d4 d6 4. Nf3 Bg4 5. exd6 cxd6 6. Bc4 Nf6 7. 0-0 g6 8. h3 Bd7 9. Nc3 Bg7 10. Qe2 0-0 11. Bf4 Bc6 12. d5 Bd7 13. Bd3 a5 14. Qe3 Re8 15. g4 Na6 16. a3 Nc7 17. Bc4 b5 18. Bb3 b4 19. Na4 Ncxd5 20. Qd2 Bc6 21. Rfe1 Nxf4 22. Qxf4 e5 23. Qe3 bxa3 24. Rxa3 Nd5 25. Qe2 Nf4 26. Qe3 Nxh3+ 27. Kh2 Nf4 28. Nc3 Bxf3 29. Qxf3 Qh4+ 30. Kg1 h5 31. gxh5 Qxh5 32. Qb7 Qg4+ 33. Kf1 Qh3+ 34. Kg1 Qf5 35. Ne4 Reb8 36. Qe7 d5 37. Ng3 Qh3 38. Bxd5 Nxd5 39. Qg5 Nf4 40. Ne4 Qf5 41. Qg3 Rxb2 42. Qf3 0-1

[Event "Hamburg Robinow op"]
[Site "Hamburg"]
[Date "2005.10.04"]
[Round "4"]
[White "Roenker, Sebastian"]
[Black "Assmus, Edgar"]
[Result "0-1"]
[WhiteElo "1529"]
[BlackElo "1663"]
[PlyCount "100"]
[EventDate "2005.10.01"]
[EventType "swiss"]
[EventRounds "9"]
[EventCountry "GER"]
[SourceTitle "CBM 108 Extra"]
[Source "ChessBase"]
[SourceDate "2005.11.04"]
[SourceVersion "1"]
[SourceVersionDate "2005.11.04"]
[SourceQuality "1"]

1. e4 e6 2. d4 d5 3. exd5 exd5 4. Nf3 Nc6 5. Bb5 Bg4 6. Qd3 f6 7. 0-0 Nge7 8. Re1 Qd7 9. h3 Bh5 10. Bf4 g5 11. Bg3 Bg7 12. Nbd2 0-0 13. c4 Kh8 14. Rac1 a6 15. Ba4 dxc4 16. Bxc6 Nxc6 17. Qxc4 Bf7 18. Qc5 Rac8 19. a3 h6 20. b4 Rfd8 21. b5 axb5 22. Qxb5 Nxd4 23. Nxd4 Qxd4 24. Nf3 Qd5 25. Qxd5 Bxd5 26. Nd4 c6 27. Ne6 Bxe6 28. Rxe6 Rd7 29. Bd6 Kg8 30. Bb4 Kf7 31. Re2 Bf8 32. Bxf8 Rxf8 33. g4 Rc7 34. Rd1 c5 35. Rd6 c4 36. a4 c3 37. Rc2 Ra8 38. Rd4 Re8 39. Kf1 Re5 40. f3 f5 41. f4 Re3 42. fxg5 hxg5 43. h4 gxh4 44. gxf5 h3 45. Kf2 Rce7 46. Rh4 Kf6 47. Rf4 Rd3 48. Rf3 Rd2+ 49. Rxd2 cxd2 50. Rd3 h2 0-1

[Event "Hamburg Robinow op"]
[Site "Hamburg"]
[Date "2005.10.03"]
[Round "3"]
[White "Becker, Hartmuth"]
[Black "Roenker, Sebastian"]
[Result "0-1"]
[WhiteElo "1682"]
[BlackElo "1529"]
[PlyCount "50"]
[EventDate "2005.10.01"]
[EventType "swiss"]
[EventRounds "9"]
[EventCountry "GER"]
[SourceTitle "CBM 108 Extra"]
[Source "ChessBase"]
[SourceDate "2005.11.04"]
[SourceVersion "1"]
[SourceVersionDate "2005.11.04"]
[SourceQuality "1"]

1. d4 d5 2. Nf3 Nf6 3. e3 c5 4. c3 Nc6 5. Bd3 Qc7 6. Nbd2 e5 7. dxe5 Nxe5 8. Nxe5 Qxe5 9. 0-0 Bd7 10. e4 0-0-0 11. exd5 Qxd5 12. Bc4 Qf5 13. Qf3 Qe5 14. Qg3 Qh5 15. Re1 Bc6 16. Be2 Qf5 17. Bf3 Bd6 18. Qh4 Rhe8 19. Rxe8 Rxe8 20. Bxc6 Re1+ 21. Nf1 Ng4 22. Bb5 Bxh2+ 23. Kh1 Re4 24. f3 c4 25. fxe4 Qxf1# 0-1

[Event "Hamburg Weisse Dame op 11th"]
[Site "Hamburg"]
[Date "2005.09.18"]
[Round "5"]
[White "Roenker, Sebastian"]
[Black "Pfeiffer, Daniel"]
[Result "0-1"]
[WhiteElo "1572"]
[BlackElo "1619"]
[PlyCount "68"]
[EventDate "2005.09.17"]
[EventType "swiss"]
[EventRounds "5"]
[EventCountry "GER"]
[SourceTitle "EXT 2006"]
[Source "ChessBase"]
[SourceDate "2005.11.24"]
[SourceVersion "1"]
[SourceVersionDate "2005.11.24"]
[SourceQuality "1"]

1. e4 c5 2. Nf3 d6 3. d4 cxd4 4. Nxd4 Nf6 5. Nc3 a6 6. Be2 e5 7. Nb3 Be6 8. Be3 Be7 9. h3 Nc6 10. Qd2 Qc7 11. Nd5 Bxd5 12. exd5 Na7 13. c4 0-0 14. Rc1 b6 15. 0-0 a5 16. Qc2 Rab8 17. Nd2 Nd7 18. Bd3 h6 19. Bf5 Nc5 20. Ne4 Nc8 21. f4 g6 22. Bxc8 Rbxc8 23. fxe5 dxe5 24. Bxh6 Rfd8 25. Rf3 f5 26. Nc3 e4 27. Nb5 Qe5 28. Bf4 Qg7 29. Rff1 Nd3 30. Rcd1 Rxd5 31. Qb3 Rdc5 32. Bd6 Bxd6 33. Nxd6 Qd4+ 34. Kh1 Qxd6 0-1

[Event "Hamburg Weisse Dame op 11th"]
[Site "Hamburg"]
[Date "2005.09.17"]
[Round "3.7"]
[White "Roenker, Sebastian"]
[Black "Schaefer, Philipp"]
[Result "1-0"]
[WhiteElo "1572"]
[BlackElo "1029"]
[PlyCount "31"]
[EventDate "2005.09.17"]
[EventType "swiss"]
[EventRounds "5"]
[EventCountry "GER"]
[SourceTitle "EXT 2006"]
[Source "ChessBase"]
[SourceDate "2005.11.24"]
[SourceVersion "1"]
[SourceVersionDate "2005.11.24"]
[SourceQuality "1"]

1. e4 e6 2. Nf3 Bb4 3. c3 Ba5 4. d4 d5 5. Bd3 Nd7 6. 0-0 Ne7 7. Re1 0-0 8. e5 Bb6 9. Bxh7+ Kh8 10. Bc2 g6 11. Qd2 Ng8 12. Qd3 c5 13. Ng5 cxd4 14. Qh3+ Nh6 15. Qxh6+ Kg8 16. Qh7# 1-0

[Event "Harburg-chG 3rd"]
[Site "Hamburg"]
[Date "2005.06.26"]
[Round "4"]
[White "Roenker, Sebastian"]
[Black "Benthin, Thomas"]
[Result "0-1"]
[WhiteElo "1572"]
[BlackElo "1564"]
[PlyCount "104"]
[EventDate "2005.06.??"]
[EventType "tourn"]
[EventRounds "5"]
[EventCountry "GER"]
[SourceTitle "EXT 2006"]
[Source "ChessBase"]
[SourceDate "2005.11.24"]
[SourceVersion "1"]
[SourceVersionDate "2005.11.24"]
[SourceQuality "1"]

1. e4 c6 2. d4 d5 3. exd5 cxd5 4. c4 Nf6 5. Nc3 Nc6 6. Bg5 dxc4 7. Bxf6 exf6 8. d5 Ne5 9. Qd4 Qe7 10. 0-0-0 Qc5 11. Qxc5 Bxc5 12. Ne4 Nd7 13. Nxc5 Nxc5 14. Bxc4 0-0 15. f3 Bf5 16. Ne2 Rac8 17. Nc3 Na4 18. Bd3 Nxc3 19. Bxf5 Nxd1+ 20. Bxc8 Nf2 21. Rf1 Rxc8+ 22. Kd2 Rd8 23. Rxf2 Rxd5+ 24. Ke3 g5 25. f4 h5 26. Ke4 Ra5 27. b3 Kg7 28. fxg5 fxg5 29. Rf5 Rxf5 30. Kxf5 f6 31. a3 a6 32. a4 Kf7 33. b4 b6 34. b5 axb5 35. axb5 Ke7 36. Kg6 h4 37. Kf5 Kf7 38. g3 hxg3 39. hxg3 Ke7 40. g4 Kf7 41. Ke4 Ke6 42. Kd4 f5 43. gxf5+ Kxf5 44. Kd5 g4 45. Kc6 g3 46. Kxb6 g2 47. Kc7 g1Q 48. b6 Qc5+ 49. Kb7 Ke6 50. Ka6 Qa3+ 51. Kb7 Kd7 52. Kb8 Qa6 0-1